000 00697njm a2200253 c 4500
999 _c221125
_d221125
003 BLK
005 20200402104655.0
008 180410b bul||n||s|||||||| n|bulo|
010 _aCDD00003617000
040 _aBLK
041 _aBUL
_cBUL
139 _aНе ме търси [видео DVD]
_bН 38
245 1 0 _aНе ме търси [видео DVD]
257 _aBGR
260 _bGalla team
_c2004
380 _a7
490 1 _aКолекция за хората
_v162
590 _aS.N: 91175 от КНИГИ
852 _aЦб CD 4721
_p0
856 4 _qpdf
_u
856 4 _qpdf
_u
942 _cCDD
_n0
_s1
944 _aCR
_c27.08.2009
_kВаля_Йорданова
944 _aED
_c27.08.2009
999 _d221125